Chaim Perelman et la pensée contemporaine

Đã lưu trong:
Sonraí Bibleagrafaíochta
Príomhúdar: Chaim Perelman
Formáid: Leabhar
Teanga:Undetermined
Foilsithe: Bruxelles Bruylant 1993
Ábhair:
law
Clibeanna: Cuir Clib Leis
Gan Chlibeanna, Bí ar an gcéad duine leis an taifead seo a chlibeáil!
Thư viện lưu trữ: Trung tâm Học liệu Trường Đại học Cần Thơ
LEADER 00490nam a2200193Ia 4500
001 CTU_73043
008 210402s9999 xx 000 0 und d
082 |a 340.11 
082 |b P437 
100 |a Chaim Perelman 
245 0 |a Chaim Perelman et la pensée contemporaine 
245 0 |c Chaim Perelman 
260 |a Bruxelles 
260 |b Bruylant 
260 |c 1993 
650 |a law 
650 |x philosophy 
904 |i Minh 
980 |a Trung tâm Học liệu Trường Đại học Cần Thơ